The North-East Frontier of india (Record no. 10535)

MARC details
000 -LEADER
fixed length control field 00482cam a2200181ua 4500
008 - FIXED-LENGTH DATA ELEMENTS--GENERAL INFORMATION
fixed length control field 191031n ii |||gr||||Z||||||eng
020 ## - INTERNATIONAL STANDARD BOOK NUMBER
International Standard Book Number 8183246729
040 ## - CATALOGING SOURCE
Transcribing agency MAIN
082 ## - DEWEY DECIMAL CLASSIFICATION NUMBER
Classification number 954.163
100 ## - MAIN ENTRY--PERSONAL NAME
Personal name Alexander Mackenzie,
Relator term
245 ## - TITLE STATEMENT
Title The North-East Frontier of india
Statement of responsibility, etc. By Alexander Mackenzie
250 ## - EDITION STATEMENT
Edition statement 1st ed.
260 ## - PUBLICATION, DISTRIBUTION, ETC.
Place of publication, distribution, etc. nEW dELHI:
Name of publisher, distributor, etc. Mittal Publications,
Date of publication, distribution, etc. 2017.
Place of publication, distribution, etc. New Delhi:
300 ## - PHYSICAL DESCRIPTION
Extent 586p.
942 ## - ADDED ENTRY ELEMENTS (KOHA)
Koha item type Books
653 ## - INDEX TERM--UNCONTROLLED
Uncontrolled term South Asia India
Holdings
Withdrawn status Lost status Damaged status Not for loan Home library Current library Shelving location Date acquired Total Checkouts Full call number Barcode Date last seen Copy number Price effective from Koha item type
        Naharkatiya College Library Naharkatiya College Library General Stacks 19/09/2020   954.163History | MAC 26646 19/09/2020 1 19/09/2020 Books

Naharkatiya College © 2020. All rights reserved.

Powered By